|
|
|
|
| LEADER |
00000nam0a2200000 4500 |
| 001 |
247735 |
| 005 |
20231101232326.0 |
| 010 |
|
|
|a 9785941782178
|
| 035 |
|
|
|a (RuTPU)RU\TPU\book\269323
|
| 090 |
|
|
|a 247735
|
| 100 |
|
|
|a 20140114d2014 m y0rusy50 ca
|
| 101 |
0 |
|
|a rus
|
| 102 |
|
|
|a RU
|
| 105 |
|
|
|a a j 001zy
|
| 200 |
1 |
|
|a Автоматизация технологических и производственных процессов в машиностроении
|e учебник
|f Ю. З. Житников [и др.]
|
| 210 |
|
|
|a Старый Оскол
|c ТНТ
|d 2014
|
| 215 |
|
|
|a 656 с.
|c ил.
|
| 320 |
|
|
|a Библиогр.: с. 647-655.
|
| 330 |
|
|
|a Изложено теоретическое описание и практический подход к разработке средств автоматизации технологических процессов изготовления, сборки и контроля изделий. Приведены алгоритмы и структурные схемы управления процессами автоматизации. Учебник предназначен для студентов машиностроительных вузов, обучающихся по направлению «Конструкторско-технологическое обеспечение машиностроительных производств».
|
| 606 |
1 |
|
|a Машиностроение
|x Производственные процессы
|x Автоматизация
|2 stltpush
|3 (RuTPU)RU\TPU\subj\69740
|9 84445
|
| 610 |
1 |
|
|a детали
|
| 610 |
1 |
|
|a изготовление
|
| 610 |
1 |
|
|a вспомогательные операции
|
| 610 |
1 |
|
|a изделия
|
| 610 |
1 |
|
|a сборка
|
| 610 |
1 |
|
|a контроль
|
| 610 |
1 |
|
|a заготовки
|
| 610 |
1 |
|
|a автоматизированная подача
|
| 610 |
1 |
|
|a загрузочные устройства
|
| 610 |
1 |
|
|a технологические процессы
|
| 610 |
1 |
|
|a роботизация
|
| 610 |
1 |
|
|a конструкторская подготовка
|
| 610 |
1 |
|
|a резьбовые поверхности
|
| 610 |
1 |
|
|a цилиндрические поверхности
|
| 610 |
1 |
|
|a сборочное оборудование
|
| 610 |
1 |
|
|a уплотнения
|
| 610 |
1 |
|
|a завинчивающие устройства
|
| 610 |
1 |
|
|a ремонт
|
| 610 |
1 |
|
|a управление
|
| 610 |
1 |
|
|a учебники
|
| 675 |
|
|
|a 621.002:658.5.011.56(075.8)
|v 3
|
| 701 |
|
1 |
|a Житников
|b Ю. З.
|g Юрий Захарович
|
| 701 |
|
1 |
|a Житников
|b Б. Ю.
|g Борис Юрьевич
|
| 701 |
|
1 |
|a Схиртладзе
|b А. Г.
|g Александр Георгиевич
|
| 701 |
|
1 |
|a Симаков
|b А. Л.
|g Александр Леонидович
|
| 701 |
|
1 |
|a Воркуев
|b Д. С.
|g Дмитрий Сергеевич
|
| 702 |
|
1 |
|a Житников
|b Ю. З.
|4 340
|
| 801 |
|
1 |
|a RU
|b 63413507
|c 20140114
|
| 801 |
|
2 |
|a RU
|b 63413507
|c 20150703
|g RCR
|
| 900 |
|
|
|a Автоматизация машиностроительного производства
|
| 942 |
|
|
|c BK
|
| 951 |
|
|
|b 151900
|l 8
|
| 959 |
|
|
|a 2/20140114
|d 5
|e 495,00
|f ЧЗТЛ:1
|f АНЛ:1
|f УФ:3
|